| 000 | 00588nam a2200181 i 4500 | ||
|---|---|---|---|
| 001 | 181260 | ||
| 003 | ES-MaACL | ||
| 005 | 20230906221320.0 | ||
| 008 | 121122s1877 fr |||| | fre d | ||
| 100 | 1 |
_aGladstone, Willian Ewart. _9226882 |
|
| 245 | 1 | 0 |
_aRome et le Pape devant la coscience et l'histoire / _cpar W. E. Gladstone,.. ; trad. par Victor Oger. |
| 260 |
_aParis : _bSandoz et Fischbacher, _c1877. |
||
| 300 |
_aX, 367 p. ; _c18 cm. |
||
| 651 | 4 |
_aCiudad del Vaticano- _vHistoria. _9226883 |
|
| 852 |
_aES-MaACL _jD-5069 |
||
| 942 | _2udc | ||
| 999 |
_c181260 _d181260 |
||